000
00340nam a22001577a 4500
003
SGT
020
_a
9789393553300
082
_a
611
_b
G25R
100
_a
RAGHUNATH, GUNAPRIYA
245
_a
GRANT'S DISSECTOR
250
_a
2ND
260
_a
INDIA
_b
WOLTERS KLUWER
_c
2025
300
_a
407
650
_a
HUMAN ANATOMY
942
_2
ddc
_c
BK
999
_c
30480
_d
30480